| 000 | 01379nam a2200457 i 4500 | ||
|---|---|---|---|
| 001 | 41678 | ||
| 003 | KOSZ 005 | ||
| 005 | 20200728101113.0 | ||
| 008 | 990814s1998 pl e |000 0 pol | ||
| 015 | _aUWD 1999/11943 | ||
| 020 | _a8385109560 | ||
| 035 | _a991011271689705066 | ||
| 035 | _a(PL-WaBN)b13069688-48omnis_nlop | ||
| 035 | _ab13069688 | ||
| 035 | _a(OCoLC)749528515 | ||
| 035 | _a(PL)b0000001306968 | ||
| 035 | _a(EXLNZ-48OMNIS_NETWORK)9910264244005606 | ||
| 040 |
_aWA N _cWA N _dKOSZ 005/HR |
||
| 041 | 0 | _apol | |
| 046 | _k1998 | ||
| 080 | _a663.5 | ||
| 080 | _a(03) | ||
| 100 | 1 |
_aGogoliński, Wojciech _eAutor |
|
| 245 | 1 | 0 |
_aLeksykon alkoholi / _cWojciech Gogoliński. |
| 260 |
_aKraków : _bWydaw. Baran i Suszczyński, _c1998. |
||
| 300 |
_a192 s. ; _c20 cm. |
||
| 336 |
_aTekst _btxt _2rdacontent |
||
| 337 |
_aBez urządzenia pośredniczącego _bn _2rdamedia |
||
| 338 |
_aWolumin _bnc _2rdacarrier |
||
| 380 | _aKsiążki | ||
| 380 | _aPublikacje informacyjne | ||
| 388 | _a1901-2000 | ||
| 388 | _a1989-2000 | ||
| 504 | _aBibliogr. s. 186-187. | ||
| 650 | 7 |
_aNapoje alkoholowe _2DBN |
|
| 655 | 7 |
_aEncyklopedia _2DBN |
|
| 658 | _aRolnictwo i leśnictwo | ||
| 856 |
_uhttp://koha.tu.koszalin.pl/cgi-bin/koha/opac-detail.pl?biblionumber=41678 _yKatalog online BPK |
||
| 942 |
_2UKD _cKS |
||
| 999 |
_c41678 _d41678 |
||